Shell Structures in Civil and Mechanical Engineering: Theory and Analysis, (Record no. 14328)

000 -LEADER
fixed length control field 00447nam a2200169Ia 4500
003 - CONTROL NUMBER IDENTIFIER
control field OSt
005 - DATE AND TIME OF LATEST TRANSACTION
control field 20260218173416.0
008 - FIXED-LENGTH DATA ELEMENTS--GENERAL INFORMATION
fixed length control field 260210s9999 xx 000 0 und d
020 ## - INTERNATIONAL STANDARD BOOK NUMBER
International Standard Book Number 9780727760289
082 ## - DEWEY DECIMAL CLASSIFICATION NUMBER
Classification number 624.0747
100 ## - MAIN ENTRY--PERSONAL NAME
Personal name Alphose Zingoni
245 #0 - TITLE STATEMENT
Title Shell Structures in Civil and Mechanical Engineering: Theory and Analysis,
250 ## - EDITION STATEMENT
Edition statement 2Nd Ed.
260 ## - PUBLICATION, DISTRIBUTION, ETC. (IMPRINT)
Name of publisher, distributor, etc ICE Publishing
Place of publication, distribution, etc London
Date of publication, distribution, etc 2018
300 ## - PHYSICAL DESCRIPTION
Extent 444p;
942 ## - ADDED ENTRY ELEMENTS (KOHA)
Item type UG Books
Source of classification or shelving scheme
Holdings
Withdrawn status Lost status Source of classification or shelving scheme Damaged status Koha normalized classification for sorting Not for loan Permanent location Current location Shelving location Date acquired Full call number Barcode Date last seen Price effective from Koha item type
        624_074700000000000   BMS College of Architecture, Design and Planning BMS College of Architecture, Design and Planning General Stacks 2025-12-17 624.0747 AR-UG5245 2026-02-10 2026-02-10 UG Books
Copyright © 2025, The Librarian, Library and Information Centre, BMSCA D&P, Bengaluru. All Rights Reserved
web counter

Powered by Koha